Taylor Swift - Chansons commençant par L - Statistiques

Statistiques générales
  • Ce quiz a été pris 683 fois
    125 depuis la dernière actualisation
  • Le résultat moyen est 11 sur 16
Statistiques - réponses
L % Correct
Lover
94%
Lavender Haze
85%
Look What You Made Me Do
81%
The Life of a Showgirl
80%
Long Live
76%
Last Kiss
71%
the last great american dynasty
68%
Love Story
65%
Loml
64%
Labyrinth
63%
London Boy
62%
The Last Time
62%
long story short
58%
The Lucky One
58%
the lakes
57%
Last Christmas
31%
Aucun quiz correspondant
Distribution des résultats
% des personnes avec chaque résultat
Percentile par nombre de réponses
Votre historique - résultats
Vous n’avez pas pris ce quiz depuis la dernière actualisation